UBT Library

Brief principles of macroeconomics / (Record no. 41826)

000 -LEADER
fixed length control field 00585cam a2200229 a 4500
001 - CONTROL NUMBER
control field 15413276
005 - DATE AND TIME OF LATEST TRANSACTION
control field 20180205092206.0
008 - FIXED-LENGTH DATA ELEMENTS--GENERAL INFORMATION
fixed length control field 080814s2008 ohua 001 0 eng
010 ## - LIBRARY OF CONGRESS CONTROL NUMBER
LC control number 2008935333
020 ## - INTERNATIONAL STANDARD BOOK NUMBER
International Standard Book Number 9780324590371
020 ## - INTERNATIONAL STANDARD BOOK NUMBER
International Standard Book Number 0324590377
040 ## - CATALOGING SOURCE
Original cataloging agency DLC
Transcribing agency DLC
Modifying agency DLC
041 ## - LANGUAGE CODE
Language code of text/sound track or separate title eng
080 ## - UNIVERSAL DECIMAL CLASSIFICATION NUMBER
Universal Decimal Classification number 339
082 00 - DEWEY DECIMAL CLASSIFICATION NUMBER
Classification number 339 MAN
Edition number 22
100 1# - Rafti
Rafti 52
101 ## - Shkurtesa
Shkurtesa MAK
245 10 - TITLE STATEMENT
Title Brief principles of macroeconomics /
Statement of responsibility, etc N. Gregory Mankiw.
906 ## - LOCAL DATA ELEMENT F, LDF (RLIN)
a 7
b cbc
c orignew
d 2
e epcn
f 20
g y-gencatlg
942 ## - ADDED ENTRY ELEMENTS (KOHA)
Source of classification or shelving scheme
Item type Books
Holdings
Withdrawn status Lost status Source of classification or shelving scheme Damaged status Not for loan Collection code Permanent location Current location Shelving location Date acquired Total Checkouts Full call number Barcode Date last seen Price effective from Koha item type
          Koleksioni i përgjithshem UBT - Lipjan UBT - Lipjan Koleksioni i lëndeve mesimore 02/05/2018   339 MAN 002-2997159 02/05/2018 02/05/2018 Books
UBT Library © 2015-2024. All rights reserved University Education for Business and Technology